000 01394cam a2200349 a 4500
001 15228349
005 20080717184703.0
008 080321s2009 njua 001 0 eng
010 _a 2008013462
020 _a0321514440 (pbk. : alk. paper)
020 _a9780321514448 (pbk. : alk. paper)
035 _a(OCoLC)ocn214067202
035 _a(OCoLC)214067202
040 _aDLC
_cDLC
_dBAKER
_dYDXCP
_dBTCTA
_dC#P
_dDLC
050 0 0 _aQA76.625
_b.C34 2009
082 0 0 _a006.7882
_222
_bCAL
100 1 _aCalderon, Adam,
_d1964-
_93377
245 1 0 _aAdvanced ASP.NET AJAX server controls for .NET framework 3.5 /
_cAdam Calderon, Joel Rumerman.
260 _aUpper Saddle River, NJ :
_bAddison-Wesley,
_cc2009.
300 _axxxix, 602 p. :
_bill. ;
_c24 cm.
440 0 _aMicrosoft .NET development series
_93378
500 _aIncludes index.
630 0 0 _aActive server pages.
_93379
650 0 _aInternet programming.
_93380
650 0 _aMicrosoft .NET.
_93381
650 0 _aAjax (Web site development technology)
_93382
650 0 _aWeb servers.
_93383
700 1 _aRumerman, Joel,
_d1980-
_93384
942 _2ddc
_cBB
999 _c11232
_d11232